• 首页
  • 本馆介绍
  • 公告通知
  • 最新文献
  • 馆藏检索
  • 电子资源
  • 读者导购
  • 参考咨询
  • 我的图书馆
  • 登录
  • 详细信息显示
  • 放入我的书架
  • 预约/预借图书
  • 作者相关作品
  • 分类相关作品
  • 丛书相关作品
  • 出版社相关作品

书目信息

  • 表格格式
  • 工作单格式
  • 卡片格式
题名:
名-动转类的转喻理据与词汇学习
    
 
作者: 何爱晶 著
分册:  
出版信息: 北京   中国社会科学出版社  2011.8
页数: 20, 262页
开本: 24cm
丛书名:
单 册:
中图分类: H041
科图分类:
主题词: 构词法--研究
电子资源:
ISBN: 978-7-5161-0052-3
000 01107nam0 2200265 45
001 1360103296
005 20130530092852.56
010    @a978-7-5161-0052-3 @dCNY35.00@z7-5161-0052-8
100    @a20130513d2011 em y0chiy0121 ea
101 0  @achi
102    @aCN@b110000
105    @aak a 000yy
106    @ar
200 1  @a名-动转类的转喻理据与词汇学习@AMing - Dong Zhuan Lei De Zhuan Yu Li Ju Yu Ci Hui Xue Xi@f何爱晶著@FHe Ai Jing Zhu
210    @a北京@c中国社会科学出版社@d2011.8
215    @a20, 262页@c图@d24cm
300    @a本书同时获湖北省2010年社科基金和湖北民族学院博士启动基金(MY2009B005)资助
314    @a何爱晶, 女, 1971年生, 博士, 硕士生导师, 湖北恩施人。湖北民族学院外国语学院副教授, 河南大学外国语言文学博士后流动站工作人员、中国认知语言学会会员。
320    @a有书目 (第216-231页)
330    @a本研究在认知语言学框架下探讨名-动转类的词汇学习的问题,提出转喻是名-动转类最根本的构词理据,并据此对名-动转类的词汇学习展开研究。
606 0  @a构词法@x研究
690    @aH041@v5
701  0 @a何爱晶@AHe Ai Jing@4著
801    @aCN@bTANGWEI@c20130523
905    @b0834329-31@dH041@e78@f3
    
    名-动转类的转喻理据与词汇学习/何爱晶著.-北京:中国社会科学出版社,2011.8
    20, 262页:图;24cm
    本书同时获湖北省2010年社科基金和湖北民族学院博士启动基金(MY2009B005)资助
    
    ISBN 978-7-5161-0052-3 :CNY35.00
    本研究在认知语言学框架下探讨名-动转类的词汇学习的问题,提出转喻是名-动转类最根本的构词理据,并据此对名-动转类的词汇学习展开研究。
●
相关链接 在E读中查询图书 在五车中查询图书 在当当中查询图书 在豆瓣中查询图书


正题名:名-动转类的转喻理据与词汇学习     索取号:H041/78         预约/预借

序号 登录号 条形码 馆藏地/架位号 状态 备注
1 0834329   208343292   第二样本阅览室/ [索取号:H041/78] 在馆    
2 0834330   208343309   密集书库-文学院/ [索取号:H041/78] 在馆    
3 0834331   208343318   第四借阅区/ [索取号:H041/78] 在馆    
唐山师范学院图书馆 欢迎您!
大连网信软件有限公司© 版权所有